College Football Teams in 1950 - Statistics

General Stats
  • This quiz has been taken 6 times
  • The average score is 237 of 525
Answer Stats
Conference Team % Correct
SEC Alabama
100%
PCC California
100%
Penn STCC California (PA)
100%
Midwest Conf. Cornell (IA)
100%
Independent Cornell (NY)
100%
SEC Florida
100%
SEC Georgia
100%
Independent Harvard
100%
Big Ten Illinois
100%
Big Ten Indiana
100%
Penn STCC Indiana (PA)
100%
Big Ten Iowa
100%
Big Seven Iowa State
100%
Independent Miami (FL)
100%
MAC Miami (OH)
100%
Big Ten Michigan
100%
Big Seven Missouri
100%
SoCon North Carolina
100%
Big Seven Oklahoma
100%
Independent Penn
100%
Independent Penn State
100%
Independent Princeton
100%
Big Ten Purdue
100%
Middle Three Rutgers
100%
SEC Tennessee
100%
SWC Texas
100%
SWC Texas A&M
100%
Border Texas Tech
100%
PCC UCLA
100%
PCC USC
100%
PCC Washington
100%
Mason-Dixon Washington College
100%
Independent Washington (MO)
100%
OAC Akron
83%
Border Arizona
83%
Border Arizona State
83%
SWC Arkansas
83%
Independent Army
83%
SEC Auburn
83%
Independent Boston College
83%
Independent Brown
83%
Skyline BYU
83%
Iowa Conf. Central (IA)
83%
Missouri CAU Central (MO)
83%
SoCon Clemson
83%
NWC College of Idaho
83%
Big Seven Colorado
83%
Skyline Colorado A&M
83%
Independent Dartmouth
83%
Independent Delaware
83%
SoCon Duke
83%
OVC Eastern Kentucky
83%
SEC Georgia Tech
83%
PCC Idaho
83%
RMC Idaho State
83%
Independent Indiana State
83%
Big Seven Kansas
83%
Big Seven Kansas State
83%
SEC Kentucky
83%
Independent Louisville
83%
Yankee Maine
83%
SoCon Maryland
83%
Independent Michigan State
83%
Interstate Michigan State Normal
83%
Big Ten Minnesota
83%
Gulf States Mississippi Southern
83%
SEC Mississippi State
83%
Independent Montana
83%
RMC Montana State
83%
Independent Navy
83%
SoCon NC State
83%
Independent Nevada
83%
Border New Mexico
83%
Border New Mexico A&M
83%
North Central North Dakota
83%
North Central North Dakota State
83%
Big Ten Northwestern (IL)
83%
Badger-Illini Northwestern (WI)
83%
MAC Ohio
83%
Big Ten Ohio State
83%
MVC Oklahoma A&M
83%
SEC Ole Miss
83%
PCC Oregon
83%
PCC Oregon State
83%
Independent Pittsburgh
83%
CCAA San Diego State
83%
Independent San Jose State
83%
SWC SMU
83%
SoCon South Carolina
83%
North Central South Dakota
83%
North Central South Dakota State
83%
SWAC Southern (LA)
83%
PCC Stanford
83%
Border Texas Western
83%
Yankee UConn
83%
Yankee UMass
83%
Independent Virginia
83%
SoCon Wake Forest
83%
PCC Washington State
83%
MAC Western Michigan
83%
SoCon West Virginia
83%
MVC Wichita
83%
Independent Yale
83%
North State Appalachian State
67%
KCAC Baker (KS)
67%
SWC Baylor
67%
Independent Bowling Green
67%
Independent Buffalo
67%
Far Western Cal Davis
67%
CCAA Cal Poly
67%
Interstate Central Michigan
67%
Independent Columbia
67%
CCAA Fresno State
67%
Independent Hawaii
67%
Independent Houston
67%
Interstate Illinois State Normal
67%
OAC Kent State
67%
Middle Three Lehigh
67%
Gulf States Louisiana Tech
67%
SEC LSU
67%
Independent Memphis State
67%
Volunteer State Middle Tennessee
67%
Big Seven Nebraska
67%
Interstate Northern Illinois State
67%
Gulf Coast North Texas State
67%
Independent Notre Dame
67%
SWC Rice
67%
Lone Star Sam Houston State
67%
SIAC South Carolina State
67%
Missouri IAA Southeast Missouri State
67%
Interstate Southern Illinois
67%
Gulf States Southwestern Louisiana
67%
Missouri IAA Southwest Missouri State
67%
Minnesota IAC St. John's (MN)
67%
Independent St. Mary's (CA)
67%
Minnesota IAC St. Mary's (MN)
67%
Minnesota IAC St. Thomas (MN)
67%
Independent Syracuse
67%
SWC TCU
67%
Independent Temple
67%
Independent Toledo
67%
SEC Tulane
67%
MVC Tulsa
67%
Skyline Utah
67%
Skyline Utah State
67%
SEC Vanderbilt
67%
Independent Villanova
67%
SoCon VPI
67%
OVC Western Kentucky
67%
Big Ten Wisconsin
67%
Texas Conf. Abilene Christian
50%
NMC Adams State
50%
SIAC Alabama A&M
50%
CCI Augustana (IL)
50%
North Central Augustana (SD)
50%
Independent Ball State
50%
SIAC Benedict (SC)
50%
KCAC Bethel (KS)
50%
MVC Bradley
50%
Independent Bucknell
50%
Independent Butler
50%
Missouri IAA Central Missouri State
50%
Oklahoma Central State (OK)
50%
MAC Cincinnati
50%
RMC Colorado State-Greeley
50%
Independent Dayton
50%
CIAA Delaware State
50%
MVC Detroit
50%
Independent Drexel
50%
Interstate Eastern Illinois
50%
Evergreen Eastern Washington
50%
Wisconsin Eau Claire State
50%
North State Elon
50%
SIAC Florida A&M
50%
Hoosier Franklin
50%
Independent Franklin & Marshall
50%
SDIC General Beadle
50%
Independent Georgetown
50%
SoCon George Washington
50%
CIAA Hampton
50%
North State High Point
50%
CIAA Howard (DC)
50%
Nebraska Kearney State
50%
Penn STCC Kutztown
50%
Middle Three Lafayette
50%
Independent Loyola Los Angeles
50%
Minnesota TCC Mankato State
50%
Independent Marquette
50%
OVC Marshall
50%
Independent Maryland State
50%
Independent Michigan Tech
50%
Wisconsin Milwaukee State
50%
Missouri IAA Missouri Mines
50%
Montana Montana Mines
50%
WVIAC Morris Harvey
50%
Mason-Dixon Mount St. Mary's
50%
OAC Mount Union
50%
OVC Murray State
50%
Yankee New Hampshire
50%
CIAA North Carolina A&T
50%
UPC Northern Michigan
50%
Gulf States Northwestern State (LA)
50%
Oklahoma Northwestern State (OK)
50%
Missouri IAA Northwest Missouri State
50%
Wisconsin Oshkosh State
50%
SoCon Richmond
50%
Lone Star Southwest Texas State
50%
CIC St. Benedict's
50%
Minnesota TCC St. Cloud State
50%
CIAA St. Paul's (VA)
50%
Badger-Illini St. Procopius
50%
Midwest AA Tennessee A&I
50%
Independent Texas State Negroes
50%
Oregon Vanport
50%
Yankee Vermont
50%
CIC Washburn
50%
Interstate Western Illinois
50%
Wisconsin Whitewater State
50%
SC Little Four Wofford
50%
Skyline Wyoming
50%
Independent Youngstown
50%
Michigan Adrian
33%
SIAC Alabama State
33%
Michigan Albion
33%
Michigan Alma
33%
Hoosier Anderson (IN)
33%
Border Arizona State-Flagstaff
33%
North State Atlantic Christian
33%
Minnesota IAC Augsburg
33%
Badger-Illini Aurora
33%
Texas Conf. Austin
33%
Volunteer State Austin Peay
33%
Midwest Conf. Beloit
33%
Minnesota TCC Bemidji State
33%
KCAC Bethany (KS)
33%
WVIAC Bethany (WV)
33%
NDIC Bismarck JC
33%
SDIC Black Hills
33%
Penn STCC Bloomsburg
33%
CIAA Bluefield State
33%
Independent Boston University
33%
Independent Cal Poly San Dimas
33%
SCIAC Caltech
33%
Independent Carnegie Tech
33%
CCI Carthage
33%
Evergreen Central Washington
33%
Nebraska Chadron State
33%
Penn STCC Clarion
33%
Midwest Conf. Coe
33%
Independent Colgate
33%
KCAC College of Emporia
33%
RMC Colorado Mines
33%
WVIAC Concord
33%
Badger-Illini Concordia (IL)
33%
Minnesota IAC Concordia-Moorhead
33%
SoCon Davidson
33%
OAC Denison
33%
Skyline Denver
33%
MVC Drake
33%
Iowa Conf. Dubuque
33%
Independent Duquesne
33%
Hoosier Earlham
33%
North State East Carolina
33%
Oklahoma East Central
33%
Montana Eastern Montana
33%
NMC Eastern New Mexico
33%
Oregon Eastern Oregon
33%
Penn STCC East Stroudsburg
33%
Penn STCC Edinboro
33%
CIC Emporia State
33%
OVC Evansville
33%
WVIAC Fairmont State
33%
Independent Fordham
33%
CIC Fort Hays State
33%
SIAC Fort Valley State
33%
SoCon Furman
33%
Independent Gannon
33%
WVIAC Glenville State
33%
Independent Grambling
33%
Midwest Conf. Grinnell
33%
Minnesota IAC Gustavus Adolphus
33%
MDC / Little 6 Hampden-Sydney
33%
Border Hardin-Simmons
33%
Michigan Hillsdale
33%
Independent Holy Cross
33%
Michigan Hope
33%
CCI Illinois Wesleyan
33%
North Central Iowa State Teachers
33%
NDIC Jamestown
33%
Mason-Dixon Johns Hopkins
33%
Michigan Kalamazoo
33%
KCAC Kansas Wesleyan
33%
Midwest AA Kentucky State
33%
OAC Kenyon
33%
Missouri IAA Kirksville State
33%
Wisconsin La Crosse State
33%
CCI Lake Forest
33%
Midlands Lewis
33%
Penn STCC Lock Haven
33%
Iowa / Midlands Loras
33%
Iowa Conf. Luther
33%
Hoosier Manchester
33%
Penn STCC Mansfield
33%
OAC Marietta
33%
KCAC McPherson
33%
Penn STCC Millersville
33%
CCI Millikin
33%
NDIC Minot State
33%
Midwest Conf. Monmouth (IL)
33%
Minnesota TCC Moorhead State
33%
OVC Morehead State
33%
CIAA Morgan State
33%
North Central Morningside
33%
OAC Muskingum
33%
Nebraska Nebraska Wesleyan
33%
NMC New Mexico Highlands
33%
NMC New Mexico Military
33%
NMC New Mexico Western
33%
CIAA North Carolina College
33%
CCI North Central (IL)
33%
Oklahoma Northeastern State
33%
SDIC Northern State
33%
UPC Northland
33%
Independent NYU
33%
OAC Oberlin
33%
SCIAC Occidental
33%
Oregon Oregon College
33%
Oregon Oregon Tech
33%
KCAC Ottawa (KS)
33%
Independent Pacific (CA)
33%
NWC Pacific (OR)
33%
NMC Panhandle A&M
33%
CCAA Pepperdine
33%
Nebraska Peru State
33%
Wisconsin Platteville State
33%
SCIAC Pomona
33%
WVIAC Potomac State
33%
SWAC Prairie View A&M
33%
SC Little Four Presbyterian
33%
MDC / Little 6 Randolph-Macon
33%
Yankee Rhode Island State
33%
Wisconsin River Falls State
33%
VA Little Six Roanoke
33%
Montana Rocky Mountain
33%
Independent San Francisco
33%
CIAA Shaw
33%
WVIAC Shepherd
33%
Penn STCC Slippery Rock
33%
SDIC South Dakota Mines
33%
Oklahoma Southeastern State
33%
SDIC Southern State
33%
CIC Southwestern (KS)
33%
Oklahoma Southwestern State
33%
Texas Conf. Southwestern (TX)
33%
CIAA St. Augustine's
33%
Lone Star Stephen F. Austin
33%
Wisconsin Stevens Point State
33%
Midlands St. Joseph's (IN)
33%
Wisconsin Stout Institute
33%
Wisconsin Superior State
33%
OVC Tennessee Tech
33%
SoCon The Citadel
33%
Gulf Coast Trinity (TX)
33%
Independent Tufts
33%
CCAA UC Santa Barbara
33%
Iowa Conf. Upper Iowa
33%
Independent Valparaiso
33%
CIAA Virginia State
33%
CIAA Virginia Union
33%
SoCon VMI
33%
NDIC Wahpeton Science
33%
SoCon Washington & Lee
33%
Independent Wayne (MI)
33%
Nebraska Wayne State (NE)
33%
Penn STCC West Chester
33%
North State Western Carolina
33%
Montana Western Montana
33%
MAC Western Reserve
33%
Evergreen Western Washington
33%
WVIAC West Liberty State
33%
Iowa Conf. Westmar
33%
Border West Texas State
33%
CIAA West Virginia State
33%
WVIAC West Virginia Tech
33%
WVIAC West Virginia Wesleyan
33%
CCI Wheaton (IL)
33%
NWC Whitman
33%
SCIAC Whittier
33%
Evergreen Whitworth
33%
NWC Willamette
33%
SoCon William & Mary
33%
Minnesota TCC Winona State
33%
CIAA Winston-Salem State
33%
Badger-Illini Wisconsin Tech
33%
OAC Wittenberg
33%
OAC Wooster
33%
SIAC Xavier (LA)
33%
Independent Xavier (OH)
33%
Nebraska York (NE)
33%
SIAC Allen
17%
SWAC Arkansas AM&N
17%
Mid-Ohio League Ashland
17%
Independent Baldwin-Wallace
17%
SIAC Bethune-Cookman
17%
SWAC Bishop
17%
Mid-Ohio League Bluffton
17%
NDIC Bottineau
17%
MDC / Little 6 Bridgewater
17%
Iowa Conf. Buena Vista
17%
Hoosier Canterbury
17%
OAC Capital (OH)
17%
Midwest Conf. Carleton
17%
Montana Carroll (MT)
17%
Smoky Mountain Carson-Newman
17%
Mason-Dixon Catholic University
17%
Independent CCNY
17%
Independent Chattanooga
17%
SIAC Clark (GA)
17%
RMC Colorado College
17%
Missouri CAU Culver-Stockton
17%
SDIC Dakota Wesleyan
17%
WVIAC Davis & Elkins
17%
Mid-Ohio League Defiance
17%
NDIC Dickinson State
17%
Nebraska Doane
17%
SMC / VSAC East Tennessee State
17%
Lone Star East Texas State
17%
NDIC Ellendale
17%
CCI Elmhurst
17%
SMC / Little 6 Emory & Henry
17%
SC Little Four Erskine
17%
Mid-Ohio League Findlay
17%
SIAC Fisk
17%
Mason-Dixon Gallaudet
17%
UPC Gogebic
17%
North State Guilford
17%
Minnesota IAC Hamline
17%
Hoosier Hanover
17%
Nebraska Hastings
17%
OAC Heidelberg
17%
Independent Hofstra
17%
Texas Conf. Howard Payne
17%
Far Western Humboldt State
17%
SDIC Huron
17%
CCI Illinois College
17%
Hoosier Indiana Central
17%
Iowa Conf. Iowa Wesleyan
17%
Independent John Carroll
17%
CIAA Johnson C. Smith
17%
Midwest Conf. Knox
17%
SIAC Knoxville
17%
SIAC Lane
17%
SWAC Langston
17%
Independent La Verne
17%
Midwest Conf. Lawrence
17%
North State Lenoir-Rhyne
17%
NWC Lewis & Clark
17%
Midwest AA Lincoln (MO)
17%
CIAA Lincoln (PA)
17%
NWC Linfield
17%
Gulf States Louisiana College
17%
VA Little Six Lynchburg
17%
Minnesota IAC Macalester
17%
NDIC Mayville State
17%
Texas Conf. McMurry
17%
Nebraska Midland
17%
Gulf Coast Midwestern
17%
SIAC Miles
17%
Minnesota IAC Minnesota-Duluth
17%
Missouri CAU Missouri Valley
17%
SIAC Morehouse
17%
SIAC Morris Brown
17%
SC Little Four Newberry
17%
Mid-Ohio League Ohio Northern
17%
OAC Ohio Wesleyan
17%
OAC Otterbein
17%
Evergreen Pacific Lutheran
17%
Iowa Conf. Parsons
17%
CIC Pittsburg State
17%
Evergreen Puget Sound
17%
SCIAC Redlands
17%
Midwest Conf. Ripon
17%
Independent Rose Poly
17%
WVIAC Salem (WV)
17%
SWAC Samuel Huston
17%
Far Western San Francisco State
17%
UPC Sault Ste. Marie Tech
17%
Independent Sewanee
17%
Penn STCC Shippensburg
17%
Iowa Conf. Simpson
17%
SDIC Sioux Falls
17%
Gulf States Southeastern Louisiana
17%
Far Western Southern Oregon
17%
Iowa / Midlands St. Ambrose
17%
Independent St. Lawrence
17%
Evergreen St. Martin's
17%
NMC St. Michael's (NM)
17%
Midlands St. Norbert
17%
Lone Star Sul Ross
17%
Independent Tampa
17%
Texas Conf. Texas A&I
17%
SWAC Texas College
17%
Independent Thiel
17%
Smoky Mountain Tusculum
17%
SIAC Tuskegee
17%
Volunteer State Union (TN)
17%
NDIC Valley City State
17%
Independent Wabash
17%
Iowa Conf. Wartburg
17%
Mason-Dixon Western Maryland
17%
RMC Western State (CO)
17%
Midwest AA Wilberforce State
17%
SWAC Wiley
17%
Missouri CAU William Jewell
17%
Badger-Illini Wisconsin-Extension
17%
SDIC Yankton
17%
North State Catawba
0%
Mid-Ohio League Cedarville
0%
Far Western Chico State
0%
SMC / VSAC Milligan
0%
Badger-Illini Milton
0%
Badger-Illini Mission House
0%
Independent Santa Clara
0%
UPC Suomi
0%
Hoosier Taylor
0%
No matching quizzes found
Score Distribution
Percent of People with Each Score
Percentile by Number Answered
Your Score History
You have not taken this quiz